000 00665nam a2200205Ia 4500
005 20250508160131.0
008 008 250505s9999 xx 000 0 eng d
037 _aTextual
040 _aFEDL
_beng
_cFEDL
041 _aeng
_2eng
084 _a301.15, MUR
_qFEDL
100 _aMurphy Gardner
245 0 _aExperimental social psychology: An interpretation of research upon the socialization of the individual
260 _aNew York, USA
_bHarper and Brothers Publishers
300 _a1121p
650 _aSociology
700 _a Murphy Lois Barclay New Comb Theodore M.
_9767972
942 _cTEXL
_h301.15, MUR
999 _c1362047
_d1362047